|
|
|
|
| LEADER |
00000nbm2a2200000 4500 |
| 001 |
130525 |
| 005 |
20231031133940.0 |
| 035 |
|
|
|a (RuTPU)RU\TPU\book\141371
|
| 035 |
|
|
|a RU\TPU\book\135834
|
| 090 |
|
|
|a 130525
|
| 100 |
|
|
|a 20080205d1947 k y0rusy50 ca
|
| 101 |
0 |
|
|a rus
|
| 102 |
|
|
|a RU
|
| 105 |
|
|
|a a m 000zy
|
| 200 |
0 |
|
|a Т. 2: Альбом
|
| 210 |
|
|
|d 1947
|
| 215 |
|
|
|a 92 л.
|c ил.
|
| 461 |
|
1 |
|0 (RuTPU)RU\TPU\book\139118
|t Деформация - твердость - сила - чистота поверхности в процессе резания
|o диссертация на соискание ученой степени доктора технических наук
|o в 2 т.
|f А. Н. Еремин
|g Томский политехнический институт
|v Т. 2: Альбом
|d 1947
|
| 610 |
1 |
|
|a металлообработка
|
| 610 |
1 |
|
|a металлы
|
| 610 |
1 |
|
|a резание
|
| 610 |
1 |
|
|a температура
|
| 610 |
1 |
|
|a трение
|
| 610 |
1 |
|
|a резцы
|
| 610 |
1 |
|
|a геометрия
|
| 610 |
1 |
|
|a наросты
|
| 610 |
1 |
|
|a исследование
|
| 610 |
1 |
|
|a угол резания
|
| 610 |
1 |
|
|a нагревание
|
| 610 |
1 |
|
|a стружка
|
| 610 |
1 |
|
|a деформация
|
| 610 |
1 |
|
|a упрочнение
|
| 610 |
1 |
|
|a сила резания
|
| 610 |
1 |
|
|a поверхности
|
| 610 |
1 |
|
|a чистота
|
| 610 |
1 |
|
|a диссертации
|
| 675 |
|
|
|a 621.9.02(04)
|v 3
|
| 801 |
|
1 |
|a RU
|b 63413507
|c 20071116
|g PSBO
|
| 801 |
|
2 |
|a RU
|b 63413507
|c 20080915
|g PSBO
|
| 942 |
|
|
|c BK
|